Capitals of Countries that Begin with K - Statistics

General Stats
  • This quiz has been taken 142 times
  • The average score is 4 of 5
Answer Stats
Hint Answer % Correct
Kuwait Kuwait City
99%
Kenya Nairobi
99%
Kazakhstan Astana
87%
Kyrgyzstan Bishkek
78%
Kiribati Tarawa
54%
No matching quizzes found
Score Distribution
Percent of People with Each Score
Percentile by Number Answered
Your Score History
You have not taken this quiz